Eating Uganda : (Record no. 4781)

MARC details
000 -LEADER
fixed length control field 00522nam a22001937a 4500
003 - CONTROL NUMBER IDENTIFIER
control field OSt
005 - DATE AND TIME OF LATEST TRANSACTION
control field 20160718191429.0
008 - FIXED-LENGTH DATA ELEMENTS--GENERAL INFORMATION
fixed length control field 160718b xxu||||| |||| 00| 0 eng d
020 ## - INTERNATIONAL STANDARD BOOK NUMBER
International Standard Book Number 095364300x
040 ## - CATALOGING SOURCE
Transcribing agency 040a
082 ## - DEWEY DECIMAL CLASSIFICATION NUMBER
Classification number 230
Item number PUL 1999
100 ## - MAIN ENTRY--PERSONAL NAME
Personal name Pulford, Cedric
9 (RLIN) 10292
245 ## - TITLE STATEMENT
Title Eating Uganda :
Remainder of title from christianity to conquest /
Statement of responsibility, etc. Cedric Pulford
260 ## - PUBLICATION, DISTRIBUTION, ETC. (IMPRINT)
Place of publication, distribution, etc. Oxon
Name of publisher, distributor, etc. Ituri publications
Date of publication, distribution, etc. 1999
300 ## - PHYSICAL DESCRIPTION
Extent 215p;
Other physical details ill ;
Dimensions 12 cm.
504 ## - BIBLIOGRAPHY, ETC. NOTE
Bibliography, etc Includes index
650 ## - SUBJECT ADDED ENTRY--TOPICAL TERM
Topical term or geographic name as entry element Uganda
9 (RLIN) 7557
942 ## - ADDED ENTRY ELEMENTS (KOHA)
Source of classification or shelving scheme Dewey Decimal Classification
Koha item type Open Shelf
Holdings
Withdrawn status Lost status Source of classification or shelving scheme Damaged status Not for loan Home library Current library Date acquired Source of acquisition Inventory number Total Checkouts Full call number Barcode Date last seen Date last checked out Price effective from Koha item type
    Dewey Decimal Classification     MUST Main Library MUST Main Library 18/07/2016   2006/26059 1 230 PUL 1999 2016-3276 19/07/2016 19/07/2016 18/07/2016 Open Shelf
    Dewey Decimal Classification     MUST Main Library MUST Main Library 05/04/2017   06/26/26061   230 PUL 1999 2017-0729 05/04/2017   05/04/2017 Open Shelf
    Dewey Decimal Classification     MUST Main Library MUST Main Library 26/08/2022 Donation 2006/26060 1 230 PUL 1999 2022-7942 13/09/2022 26/08/2022 26/08/2022 Open Shelf